| Tag |
First Indicator |
Second Indicator |
Subfields |
| LEADER |
00000cam a2200000 a 4500 |
| 001 |
in00000071367 |
| 005 |
20151008062203.0 |
| 008 |
810731s1980 iau b 00110 eng |
| 010 |
|
|
|a 80081729
|
| 020 |
|
|
|a 0840322216 (pbk.)
|
| 035 |
|
|
|a (OCoLC)07259133
|
| 035 |
|
|
|9 AAJ9699AM
|
| 039 |
0 |
|
|a 2
|b 3
|c 3
|d 3
|e 3
|
| 040 |
|
|
|a DLC
|c DLC
|d TXA
|d UtOrBLW
|
| 049 |
|
|
|a TXAM
|c [1421950]
|
| 050 |
0 |
0 |
|a HD58.7
|b .R37
|
| 082 |
0 |
|
|a 658
|2 19
|
| 100 |
1 |
|
|a Rashid, S. Anwar.
|
| 245 |
1 |
0 |
|a Organizational behavior /
|c S. Anwar Rashid, Maurice Archer.
|
| 264 |
|
1 |
|a Dubuque, Iowa :
|b Kendall/Hunt,
|c [1980]
|
| 264 |
|
4 |
|c ©1980
|
| 300 |
|
|
|a xi, 315 pages ;
|c 24 cm.
|
| 336 |
|
|
|a text
|b txt
|2 rdacontent
|
| 337 |
|
|
|a unmediated
|b n
|2 rdamedia
|
| 338 |
|
|
|a volume
|b nc
|2 rdacarrier
|
| 504 |
|
|
|a Includes bibliographical references and indexes.
|
| 650 |
|
0 |
|a Organizational behavior.
|
| 650 |
|
0 |
|a Organization.
|
| 650 |
|
0 |
|a Management.
|
| 700 |
1 |
|
|a Archer, Maurice.
|
| 999 |
|
|
|a MARS
|
| 999 |
f |
f |
|s 2223d1cc-2109-3983-be47-d16595d3ffa6
|i e15d2fd5-5565-34dc-b8d4-8c594b47009b
|t 0
|
| 952 |
f |
f |
|p ric
|a Texas A&M University
|b Rellis Campus
|c Joint Library Facility
|d Remote Storage
|t 0
|e HD58.7 .R37
|h Library of Congress classification
|i unmediated -- volume
|m A14806124388
|
| 998 |
f |
f |
|a HD58.7 .R37
|t 0
|l Remote Storage
|